00298nam a2200121Ia 4500008004100000100002200041245003600063260003200099300000900131650001200140942000700152999001700159190216s9999||||xx |||||||||||||| ||und|| aDavid J Griffiths 0aIntroduction To Electrodynamics bPentice Hall Of Indiac1989 a532p aPhysics cBK c33324d33324